000 00693nam a2200241 i 4500
001 17491
003 ES-MaACL
005 20230906151611.0
007 t|
008 010319s2000 sp ||||1| spa d
020 _a84-264-1287-4
080 _a821.112.2-31"19"
100 1 _aWalser, Martin.
_9179999
245 1 4 _aUna fuente inagotable /
_cMartin Walser ; traducción de Marisa Presas.
250 _a1ª ed.
260 _aBarcelona :
_bLumen,
_c2000.
300 _a361 p. ;
_c23 cm.
490 1 _aPalabra en el tiempo ;
_v287
700 1 _aPresas, Marisa.
_993775
830 0 _aPalabra en el tiempo ;
_v287
_9177857
852 _aES-MaACL
_jL-24324
_bR.129930
999 _c17491
_d17491